گل و غنچہ( شعر ی مجمو عہ ) (Record no. 177927)

MARC details
000 -LEADER
fixed length control field 00648nam a22001937a 4500
005 - DATE AND TIME OF LATEST TRANSACTION
control field 20210310160414.0
010 ## - LCCN (DPL NO)
LC control number UR-11064
020 ## - INTERNATIONAL STANDARD BOOK NUMBER
Terms of availability 250.00
International Standard Book Number -
035 ## - SYSTEM CONTROL NUMBER
System control number U-9619
037 ## - SOURCE OF ACQUISITION
Source of stock number/acquisition DBAD/PUB
082 ## - DEWEY DECIMAL CLASSIFICATION NUMBER
Classification number 841
100 ## - MAIN ENTRY--PERSONAL NAME
Personal name ہا ر و ن شا د ا ں
245 ## - TITLE STATEMENT
Title گل و غنچہ( شعر ی مجمو عہ )
Statement of responsibility, etc ہا ر و ن شا د ا ں
246 ## - VARYING FORM OF TITLE
Remainder of title Gul-o-Ghuncha (Poetry ) (Urdu)
Title proper/short title by Haroon Shadan
260 ## - PUBLICATION, DISTRIBUTION, ETC. (IMPRINT)
Place of publication, distribution, etc N.Delhi
Date of publication, distribution, etc 2020 ء
Name of publisher, distributor, etc Educational Publishing House
270 ## - ADDRESS
Address 3191,Vakil Street,Kucha Pandit Lal Kuan,
City Delhi
Postal code 110006
Fax number 45678203
300 ## - PHYSICAL DESCRIPTION
Extent 136 ص
Dimensions 22 Cm(Hb)
942 ## - ADDED ENTRY ELEMENTS (KOHA)
Source of classification or shelving scheme Dewey Decimal Classification
Item type Urdu Bks
Classification part 841
Call number suffix ش ا د
Holdings
Withdrawn status Lost status Not for loan Collection code Home library Current library Date acquired Source of acquisition Cost, normal purchase price Full call number Barcode Copy number Cost, replacement price Koha item type
      Non-fiction D.B.Act.Division D.B.Act.Division 10/03/2021 DBAD/PUB 250.00 841 ش ا د U-9619 1 250.00 Urdu Bks

© Delhi Public Library
Hit Counter
free hit counter